00335nam a2200121Ia 4500008004100000041000800041082001600049100002100065245004500086260004200131300003100173365000900204240624s9999 xx 000 0 und d aeng a658.022 GER aGERBER MICHAEL E aMOST SUCCESSFUL SMALL BUSINESS IN THE WO c2010aNew JerseybJohn Wiley and Sons axxv, : 162 : p. : cm. ; 23 cb30